Statistics for Name Michael Jackson's #1 Songs as a solo artist (US only)

Click here to take the quiz!

General Stats

  • This quiz has been taken 368 times
  • The average score is 7 of 12

Answer Stats

HintAnswer% Correct
1982Billie Jean
87%
1987Bad
82%
1982Beat It
81%
1991Black Or White
66%
1988Man In The Mirror
65%
1979Rock With You
57%
1972Ben
55%
1988Dirty Diana
55%
1987The Way You Make Me Feel
52%
1995You Are Not Alone
41%
1979Don't Stop Till You Get Enough
34%
1987I Just Can't Stop Loving You
27%

Score Distribution

Percentile by Number Answered

Percent of People with Each Score

Your Score History

You have not taken this quiz